| 000 | 01222nam a22002657a 4500 | ||
|---|---|---|---|
| 005 | 20170124102954.0 | ||
| 010 | _aB-0287533 | ||
| 020 |
_c150.00 _a8188457108 |
||
| 035 | _aB-287533 | ||
| 037 | _bCen Lib/Ret | ||
| 040 |
_aDPL _bHN |
||
| 082 |
_aक _bमहंत |
||
| 100 |
_aमहंत, जयश्री गोस्वामी _946470 |
||
| 245 |
_aनारी तुम अनन्या हो / _cजयश्री गोस्वामी महंत; अनुवादक दिनकर कुमार |
||
| 246 |
_aNaari tum annaya ho / _bby Jayshree Goswami Mahant; anuvadak Dinkar Kumar |
||
| 260 |
_a नयी दिल्ली _bकल्याणी शिक्षा परिषद _c2007 |
||
| 270 |
_bनयी दिल्ली _a3320-21, जात्वादा, दरयागंज _e110002 |
||
| 300 |
_a128पृ. _c19सेमी(सजिल्द ) |
||
| 650 |
_aहिंदी साहित्य _x _z _952535 |
||
| 650 |
_aहिंदी कहानियां _92082 |
||
| 650 |
_aHindi literature _v _952536 |
||
| 650 |
_aHindi stories _952537 |
||
| 700 |
_aदिनकर कुमार _952530 |
||
| 942 |
_2ddc _cHN _hक _mमहंत |
||
| 999 |
_c113497 _d113497 |
||